Educación y construcción de paz en los territorios : experiencias investigativas : "educación y paz, memoria y territorio" /

Bibliographic Details
Main Author: García Ortiz, Doris Lised (Author)
Format: Electronic eBook
Language:Spanish
Published: Bogotá, Colombia : Publicaciones Politécnico Grancolombiano, [2023]
Edition:Primera edición.
Subjects:
Online Access:Digitalia Hispánica

MARC

LEADER 00000nam a2200000Ii 4500
001 DIGPOGRAN0058
003 NyNyDIG
006 m o d
007 cr |||||||||||
008 240515s2023 ck a ob 000 0 spa d
035 |a (OCoLC)1435608685 
040 |a DGITA  |b eng  |e rda  |e pn  |c DGITA 
020 |a 9786287534964  |q eBook 
043 |a s-ck--- 
050 1 4 |a JZ5584.C7 ebook 
245 0 0 |a Educación y construcción de paz en los territorios :  |b experiencias investigativas : "educación y paz, memoria y territorio" /  |c Doris Lised García Ortiz [and 8 others]. 
250 |a Primera edición. 
264 1 |a Bogotá, Colombia :  |b Publicaciones Politécnico Grancolombiano,  |c [2023] 
300 |a 1 online resource :  |b illustrations. 
336 |a text  |b txt  |2 rdacontent 
337 |a computer  |b c  |2 rdamedia 
338 |a online resource  |b cr  |2 rdacarrier 
347 |a text file  |2 rdaft 
347 |b PDF 
504 |a Includes bibliographical references. 
588 0 |a Online resource; title from PDF title page (Digitalia, viewed May 15, 2024) 
650 0 |a Peace-building  |z Colombia. 
700 1 |a García Ortiz, Doris Lised,  |e author. 
791 2 |a Digitalia (Firm),  |e distributor. 
793 0 |g Digitalia eBook Collection:  |a Politécnico Grancolombiano 
856 4 0 |3 Digitalia Hispánica  |u https://www.digitaliapublishing.com/a/137049/ 
910 |a Premium collection: 2024